[Event "DVM U20w 2023"]
[Site "Magdeburg GER"]
[Date "2023.12.27"]
[Round "1"]
[White "Golden, Roshaniya"]
[Black "Chung, Dana"]
[Result "1/2-1/2"]
[Termination "normal"]
[Board "8.4"]
[WhiteElo "968"]
[BlackElo "1289"]
[WhiteClock "00:44:54"]
[BlackClock "00:08:17"]
[WhiteTeam "SK Münster 32"]
[BlackTeam "Karlsruher SF 1853"]
[PlyCount "114"]
[WhiteFideId "34681663"]
[BlackFideId "16235290"]
[EventCountry "GER"]
[EventRounds "7"]
[EventType "team-swiss"]
[EventDate "2023.12.26"]

1. e4 {[%clk 01:30:30]} {[%emt 00:06:33]} c6 {[%clk 01:30:51]} {[%emt
00:00:43]} 2. Nf3 {[%clk 01:31:22]} {[%emt 00:00:05]} d5 {[%clk 01:31:05]}
{[%emt 00:00:16]} 3. Nc3 {[%clk 01:31:50]} {[%emt 00:00:02]} dxe4 {[%clk
01:31:14]} {[%emt 00:00:22]} 4. Nxe4 {[%clk 01:32:18]} {[%emt 00:00:02]} Bg4
{[%clk 01:29:31]} {[%emt 00:02:12]} 5. h3 {[%clk 01:32:37]} {[%emt 00:00:11]}
Bh5 {[%clk 01:29:03]} {[%emt 00:00:58]} 6. Ng3 {[%clk 01:32:57]} {[%emt
00:00:12]} Bg6 {[%clk 01:29:06]} {[%emt 00:00:26]} 7. h4 {[%clk 01:33:16]}
{[%emt 00:00:12]} h6 {[%clk 01:29:13]} {[%emt 00:00:21]} 8. Ne5 {[%clk
01:33:35]} {[%emt 00:00:09]} Bh7 {[%clk 01:18:46]} {[%emt 00:10:58]} 9. Qh5
{[%clk 01:33:47]} {[%emt 00:00:19]} g6 {[%clk 01:08:11]} {[%emt 00:11:05]} 10.
Bc4 {[%clk 01:33:49]} {[%emt 00:00:27]} e6 {[%clk 00:57:07]} {[%emt 00:11:34]}
11. Qe2 {[%clk 01:33:19]} {[%emt 00:01:00]} Qe7 {[%clk 00:49:14]} {[%emt
00:08:23]} 12. d3 {[%clk 01:30:54]} {[%emt 00:02:55]} Nd7 {[%clk 00:47:13]}
{[%emt 00:02:31]} 13. Bd2 {[%clk 01:28:13]} {[%emt 00:03:11]} Bg7 {[%clk
00:44:43]} {[%emt 00:03:00]} 14. d4 {[%clk 01:27:06]} {[%emt 00:01:38]} Nxe5
{[%clk 00:44:16]} {[%emt 00:00:57]} 15. dxe5 {[%clk 01:27:24]} {[%emt
00:00:12]} O-O-O {[%clk 00:43:52]} {[%emt 00:00:53]} 16. O-O-O {[%clk
01:27:16]} {[%emt 00:00:38]} g5 {[%clk 00:39:53]} {[%emt 00:04:29]} 17. hxg5
{[%clk 01:26:46]} {[%emt 00:01:00]} hxg5 {[%clk 00:39:50]} {[%emt 00:00:34]}
18. Qe3 {[%clk 01:25:38]} {[%emt 00:01:37]} Kb8 {[%clk 00:36:52]} {[%emt
00:03:28]} 19. Qxg5 {[%clk 01:24:30]} {[%emt 00:01:38]} Qxg5 {[%clk 00:36:53]}
{[%emt 00:00:30]} 20. Bxg5 {[%clk 01:24:47]} {[%emt 00:00:14]} Rxd1+ {[%clk
00:35:51]} {[%emt 00:01:31]} 21. Rxd1 {[%clk 01:24:10]} {[%emt 00:01:06]} Bxe5
{[%clk 00:35:27]} {[%emt 00:00:55]} 22. Rd8+ {[%clk 01:23:01]} {[%emt
00:01:39]} Kc7 {[%clk 00:34:34]} {[%emt 00:01:22]} 23. Re8 {[%clk 01:17:22]}
{[%emt 00:06:09]} Bxg3 {[%clk 00:28:15]} {[%emt 00:06:51]} 24. fxg3 {[%clk
01:17:27]} {[%emt 00:00:24]} Bg6 {[%clk 00:27:12]} {[%emt 00:01:33]} 25. Bf4+
{[%clk 01:11:29]} {[%emt 00:06:27]} Kd7 {[%clk 00:23:29]} {[%emt 00:04:13]} 26.
Rb8 {[%clk 01:10:15]} {[%emt 00:01:43]} b5 {[%clk 00:22:26]} {[%emt 00:01:34]}
27. Be2 {[%clk 01:09:53]} {[%emt 00:00:51]} Rh1+ {[%clk 00:21:32]} {[%emt
00:01:25]} 28. Kd2 {[%clk 01:10:12]} {[%emt 00:00:11]} Ne7 {[%clk 00:20:06]}
{[%emt 00:01:56]} 29. Rb7+ {[%clk 01:10:04]} {[%emt 00:00:37]} Kd8 {[%clk
00:19:33]} {[%emt 00:01:02]} 30. Bg5 {[%clk 01:10:02]} {[%emt 00:00:34]} f6
{[%clk 00:17:48]} {[%emt 00:02:15]} 31. Bxf6 {[%clk 01:09:28]} {[%emt
00:01:03]} Rh7 {[%clk 00:17:58]} {[%emt 00:00:21]} 32. Rxa7 {[%clk 01:09:19]}
{[%emt 00:00:38]} Ke8 {[%clk 00:15:57]} {[%emt 00:02:31]} 33. Bf3 {[%clk
01:06:23]} {[%emt 00:03:27]} Nd5 {[%clk 00:13:59]} {[%emt 00:02:28]} 34. Rxh7
{[%clk 01:01:12]} {[%emt 00:05:41]} Bxh7 {[%clk 00:14:20]} {[%emt 00:00:10]}
35. Bxd5 {[%clk 01:00:38]} {[%emt 00:01:04]} exd5 {[%clk 00:14:36]} {[%emt
00:00:14]} 36. g4 {[%clk 01:00:12]} {[%emt 00:00:56]} Kd7 {[%clk 00:13:05]}
{[%emt 00:02:00]} 37. c3 {[%clk 00:55:35]} {[%emt 00:05:07]} Kd6 {[%clk
00:12:01]} {[%emt 00:01:34]} 38. Ke3 {[%clk 00:55:46]} {[%emt 00:00:19]} Ke6
{[%clk 00:11:14]} {[%emt 00:01:17]} 39. g5 {[%clk 00:55:54]} {[%emt 00:00:22]}
Be4 {[%clk 00:10:00]} {[%emt 00:01:43]} 40. g3 {[%clk 00:53:15]} {[%emt
00:03:09]} Bg6 {[%clk 00:10:13]} {[%emt 00:00:17]} 41. Kd4 {[%clk 00:53:15]}
{[%emt 00:00:30]} Kd6 {[%clk 00:10:24]} {[%emt 00:00:18]} 42. Be5+ {[%clk
00:53:01]} {[%emt 00:00:45]} Ke6 {[%clk 00:10:29]} {[%emt 00:00:24]} 43. Bf4
{[%clk 00:53:22]} {[%emt 00:00:10]} Ke7 {[%clk 00:10:01]} {[%emt 00:00:59]} 44.
Kc5 {[%clk 00:53:27]} {[%emt 00:00:24]} Be8 {[%clk 00:10:01]} {[%emt 00:00:30]}
45. b3 {[%clk 00:52:56]} {[%emt 00:01:02]} Ke6 {[%clk 00:09:09]} {[%emt
00:01:21]} 46. c4 {[%clk 00:53:01]} {[%emt 00:00:25]} dxc4 {[%clk 00:08:30]}
{[%emt 00:01:09]} 47. bxc4 {[%clk 00:53:18]} {[%emt 00:00:13]} Kf5 {[%clk
00:08:16]} {[%emt 00:00:45]} 48. a3 {[%clk 00:52:34]} {[%emt 00:01:15]} Kg6
{[%clk 00:08:35]} {[%emt 00:00:11]} 49. cxb5 {[%clk 00:52:45]} {[%emt
00:00:18]} cxb5 {[%clk 00:08:56]} {[%emt 00:00:08]} 50. Kd6 {[%clk 00:52:40]}
{[%emt 00:00:35]} Bf7 {[%clk 00:07:14]} {[%emt 00:02:13]} 51. Ke7 {[%clk
00:49:43]} {[%emt 00:03:26]} Bc4 {[%clk 00:07:30]} {[%emt 00:00:15]} 52. Kd6
{[%clk 00:49:42]} {[%emt 00:00:31]} Bf7 {[%clk 00:07:43]} {[%emt 00:00:16]} 53.
g4 {[%clk 00:49:39]} {[%emt 00:00:33]} Be8 {[%clk 00:07:44]} {[%emt 00:00:30]}
54. Kc5 {[%clk 00:47:37]} {[%emt 00:02:32]} Bd7 {[%clk 00:07:41]} {[%emt
00:00:32]} 55. Kb4 {[%clk 00:47:24]} {[%emt 00:00:43]} Be8 {[%clk 00:07:48]}
{[%emt 00:00:22]} 56. Ka5 {[%clk 00:44:41]} {[%emt 00:03:14]} Bd7 {[%clk
00:07:52]} {[%emt 00:00:27]} 57. Kb4 {[%clk 00:44:54]} {[%emt 00:00:16]} Be8
{[%clk 00:08:17]} {[%emt 00:00:05]} 1/2-1/2

[Event "DVM U20w 2023"]
[Site "Magdeburg GER"]
[Date "2023.12.27"]
[Round "1"]
[White "Sokyrko, Sofiia"]
[Black "Pikki, Daria"]
[Result "0-1"]
[Termination "normal"]
[Board "9.1"]
[WhiteElo "1456"]
[BlackElo "1649"]
[WhiteClock "01:03:07"]
[BlackClock "00:36:26"]
[WhiteTeam "SC Strateg Stuttgart"]
[BlackTeam "SV Königsjäger Süd-West"]
[PlyCount "82"]
[WhiteFideId "34165711"]
[BlackFideId "16281306"]
[EventCountry "GER"]
[EventRounds "7"]
[EventType "team-swiss"]
[EventDate "2023.12.26"]

1. e4 {[%clk 01:30:56]} {[%emt 00:00:04]} e5 {[%clk 01:30:57]} {[%emt
00:00:04]} 2. Nf3 {[%clk 01:31:00]} {[%emt 00:00:25]} Nc6 {[%clk 01:31:23]}
{[%emt 00:00:05]} 3. d4 {[%clk 01:31:07]} {[%emt 00:00:22]} exd4 {[%clk
01:31:48]} {[%emt 00:00:06]} 4. Bc4 {[%clk 01:31:17]} {[%emt 00:00:19]} Bc5
{[%clk 01:31:33]} {[%emt 00:00:45]} 5. c3 {[%clk 01:31:12]} {[%emt 00:00:35]}
Nf6 {[%clk 01:31:28]} {[%emt 00:00:34]} 6. O-O {[%clk 01:28:07]} {[%emt
00:03:36]} Nxe4 {[%clk 01:29:06]} {[%emt 00:02:53]} 7. cxd4 {[%clk 01:28:22]}
{[%emt 00:00:14]} Be7 {[%clk 01:27:01]} {[%emt 00:02:35]} 8. d5 {[%clk
01:25:27]} {[%emt 00:03:24]} Na5 {[%clk 01:25:58]} {[%emt 00:01:34]} 9. Bd3
{[%clk 01:24:07]} {[%emt 00:01:49]} Nd6 {[%clk 01:25:29]} {[%emt 00:00:59]} 10.
b4 {[%clk 01:24:04]} {[%emt 00:00:34]} Nac4 {[%clk 01:25:24]} {[%emt 00:00:35]}
11. Bxc4 {[%clk 01:23:14]} {[%emt 00:01:18]} Nxc4 {[%clk 01:25:50]} {[%emt
00:00:05]} 12. Qd4 {[%clk 01:23:37]} {[%emt 00:00:06]} Bf6 {[%clk 01:22:38]}
{[%emt 00:03:43]} 13. Re1+ {[%clk 01:23:34]} {[%emt 00:00:31]} Kf8 {[%clk
01:17:23]} {[%emt 00:05:46]} 14. Qxc4 {[%clk 01:23:30]} {[%emt 00:00:34]} Bxa1
{[%clk 01:16:09]} {[%emt 00:01:44]} 15. Nc3 {[%clk 01:23:53]} {[%emt 00:00:07]}
Bxc3 {[%clk 01:14:15]} {[%emt 00:02:24]} 16. Qxc3 {[%clk 01:24:17]} {[%emt
00:00:07]} d6 {[%clk 01:13:12]} {[%emt 00:01:33]} 17. Nd4 {[%clk 01:19:28]}
{[%emt 00:05:17]} Bd7 {[%clk 01:06:10]} {[%emt 00:07:33]} 18. Ne6+ {[%clk
01:18:09]} {[%emt 00:01:50]} Bxe6 {[%clk 01:01:19]} {[%emt 00:05:20]} 19. dxe6
{[%clk 01:18:28]} {[%emt 00:00:11]} fxe6 {[%clk 01:01:18]} {[%emt 00:00:32]}
20. Rxe6 {[%clk 01:18:49]} {[%emt 00:00:08]} Kf7 {[%clk 01:00:00]} {[%emt
00:01:48]} 21. Re4 {[%clk 01:18:45]} {[%emt 00:00:35]} Re8 {[%clk 00:58:25]}
{[%emt 00:02:05]} 22. Rf4+ {[%clk 01:19:06]} {[%emt 00:00:08]} Kg8 {[%clk
00:58:41]} {[%emt 00:00:14]} 23. Bb2 {[%clk 01:19:06]} {[%emt 00:00:30]} Qe7
{[%clk 00:54:59]} {[%emt 00:04:12]} 24. Re4 {[%clk 01:17:28]} {[%emt 00:02:08]}
Qd7 {[%clk 00:51:58]} {[%emt 00:03:31]} 25. Rd4 {[%clk 01:16:38]} {[%emt
00:01:20]} Re7 {[%clk 00:49:12]} {[%emt 00:03:16]} 26. h3 {[%clk 01:15:00]}
{[%emt 00:02:07]} Qe6 {[%clk 00:48:01]} {[%emt 00:01:42]} 27. Qg3 {[%clk
01:11:19]} {[%emt 00:04:11]} Qxa2 {[%clk 00:43:09]} {[%emt 00:05:22]} 28. Bc3
{[%clk 01:10:11]} {[%emt 00:01:38]} Rf8 {[%clk 00:41:36]} {[%emt 00:02:02]} 29.
f3 {[%clk 01:07:58]} {[%emt 00:02:43]} Qc2 {[%clk 00:40:36]} {[%emt 00:01:30]}
30. f4 {[%clk 01:08:08]} {[%emt 00:00:20]} Qc1+ {[%clk 00:39:53]} {[%emt
00:01:14]} 31. Kh2 {[%clk 01:08:23]} {[%emt 00:00:13]} Qe3 {[%clk 00:40:15]}
{[%emt 00:00:07]} 32. Rd3 {[%clk 01:02:43]} {[%emt 00:06:10]} Qxg3+ {[%clk
00:39:58]} {[%emt 00:00:48]} 33. Kxg3 {[%clk 01:02:44]} {[%emt 00:00:28]} Re6
{[%clk 00:38:39]} {[%emt 00:01:51]} 34. Kf3 {[%clk 01:02:43]} {[%emt 00:00:30]}
g5 {[%clk 00:36:57]} {[%emt 00:02:12]} 35. g3 {[%clk 01:03:03]} {[%emt
00:00:09]} Rh6 {[%clk 00:36:27]} {[%emt 00:01:01]} 36. Kg4 {[%clk 01:03:09]}
{[%emt 00:00:24]} gxf4 {[%clk 00:35:51]} {[%emt 00:01:07]} 37. gxf4 {[%clk
01:03:25]} {[%emt 00:00:12]} Kf7 {[%clk 00:35:31]} {[%emt 00:00:51]} 38. f5
{[%clk 01:02:56]} {[%emt 00:00:59]} Rg8+ {[%clk 00:35:40]} {[%emt 00:00:20]}
39. Kf4 {[%clk 01:02:49]} {[%emt 00:00:37]} Rh4+ {[%clk 00:36:01]} {[%emt
00:00:10]} 40. Ke3 {[%clk 01:02:42]} {[%emt 00:00:37]} Rxh3+ {[%clk 00:36:26]}
{[%emt 00:00:06]} 41. Kd4 {[%clk 01:03:07]} {[%emt 00:00:05]} Rg4+ {[%emt
00:00:38]} 0-1

[Event "DVM U20w 2023"]
[Site "Magdeburg GER"]
[Date "2023.12.27"]
[Round "1"]
[White "Schmidt, Luise"]
[Black "Korshak, Sofiia"]
[Result "0-1"]
[Termination "normal"]
[Board "9.2"]
[WhiteElo "1465"]
[BlackElo "1435"]
[WhiteClock "00:12:24"]
[BlackClock "00:54:30"]
[WhiteTeam "SV Königsjäger Süd-West"]
[BlackTeam "SC Strateg Stuttgart"]
[PlyCount "36"]
[WhiteFideId "16294475"]
[BlackFideId "34176403"]
[EventCountry "GER"]
[EventRounds "7"]
[EventType "team-swiss"]
[EventDate "2023.12.26"]

1. d4 {[%clk 01:30:56]} {[%emt 00:00:03]} Nf6 {[%clk 01:30:50]} {[%emt
00:00:10]} 2. c4 {[%clk 01:31:08]} {[%emt 00:00:19]} a6 {[%clk 01:31:07]}
{[%emt 00:00:12]} 3. Nc3 {[%clk 01:31:06]} {[%emt 00:00:33]} b5 {[%clk
01:30:07]} {[%emt 00:01:30]} 4. cxb5 {[%clk 01:28:24]} {[%emt 00:03:12]} axb5
{[%clk 01:29:44]} {[%emt 00:00:51]} 5. Nxb5 {[%clk 01:27:26]} {[%emt 00:01:29]}
c5 {[%clk 01:17:39]} {[%emt 00:12:36]} 6. e3 {[%clk 01:17:32]} {[%emt
00:10:23]} Ba6 {[%clk 01:17:00]} {[%emt 00:01:08]} 7. a4 {[%clk 01:10:40]}
{[%emt 00:07:22]} cxd4 {[%clk 01:16:10]} {[%emt 00:01:19]} 8. Qxd4 {[%clk
00:56:39]} {[%emt 00:14:33]} Nc6 {[%clk 01:16:09]} {[%emt 00:00:32]} 9. Qf4
{[%clk 00:47:39]} {[%emt 00:09:28]} e5 {[%clk 01:15:09]} {[%emt 00:01:31]} 10.
Qc4 {[%clk 00:44:17]} {[%emt 00:03:50]} Rc8 {[%clk 01:01:05]} {[%emt 00:14:36]}
11. Bd3 {[%clk 00:30:23]} {[%emt 00:14:24]} d5 {[%clk 00:59:37]} {[%emt
00:02:00]} 12. Nc7+ {[%clk 00:21:10]} {[%emt 00:09:42]} Qxc7 {[%clk 00:58:17]}
{[%emt 00:01:48]} 13. Qxa6 {[%clk 00:21:23]} {[%emt 00:00:18]} Bb4+ {[%clk
00:57:49]} {[%emt 00:00:58]} 14. Bd2 {[%clk 00:20:41]} {[%emt 00:01:11]} Bxd2+
{[%clk 00:57:59]} {[%emt 00:00:20]} 15. Kxd2 {[%clk 00:21:10]} {[%emt
00:00:02]} O-O {[%clk 00:57:48]} {[%emt 00:00:41]} 16. Rc1 {[%clk 00:18:46]}
{[%emt 00:02:52]} Qd6 {[%clk 00:55:04]} {[%emt 00:03:15]} 17. Qb6 {[%clk
00:13:18]} {[%emt 00:05:57]} Ne4+ {[%clk 00:54:22]} {[%emt 00:01:14]} 18. Ke2
{[%clk 00:12:24]} {[%emt 00:01:21]} Nd4+ {[%clk 00:54:30]} {[%emt 00:00:25]}
0-1

[Event "DVM U20w 2023"]
[Site "Magdeburg GER"]
[Date "2023.12.27"]
[Round "1"]
[White "Bilogolovko, Anna"]
[Black "Schülke, Rosalie"]
[Result "1-0"]
[Termination "normal"]
[Board "9.3"]
[WhiteElo "1455"]
[BlackElo "1554"]
[WhiteClock "01:24:10"]
[BlackClock "00:27:53"]
[WhiteTeam "SC Strateg Stuttgart"]
[BlackTeam "SV Königsjäger Süd-West"]
[PlyCount "93"]
[WhiteFideId "34163085"]
[BlackFideId "16287436"]
[EventCountry "GER"]
[EventRounds "7"]
[EventType "team-swiss"]
[EventDate "2023.12.26"]

1. e4 {[%clk 01:30:58]} {[%emt 00:00:02]} e6 {[%clk 01:30:52]} {[%emt
00:00:08]} 2. d4 {[%clk 01:31:03]} {[%emt 00:00:26]} d5 {[%clk 01:31:17]}
{[%emt 00:00:05]} 3. exd5 {[%clk 01:31:20]} {[%emt 00:00:14]} exd5 {[%clk
01:31:41]} {[%emt 00:00:05]} 4. Nf3 {[%clk 01:31:36]} {[%emt 00:00:14]} Nf6
{[%clk 01:32:02]} {[%emt 00:00:10]} 5. Bg5 {[%clk 01:31:50]} {[%emt 00:00:16]}
Bd6 {[%clk 01:31:43]} {[%emt 00:00:48]} 6. Bd3 {[%clk 01:31:52]} {[%emt
00:00:29]} O-O {[%clk 01:31:20]} {[%emt 00:00:52]} 7. O-O {[%clk 01:32:17]}
{[%emt 00:00:05]} Bg4 {[%clk 01:30:59]} {[%emt 00:00:52]} 8. c4 {[%clk
01:30:08]} {[%emt 00:02:39]} dxc4 {[%clk 01:30:15]} {[%emt 00:01:13]} 9. Bxc4
{[%clk 01:30:23]} {[%emt 00:00:14]} Nbd7 {[%clk 01:22:28]} {[%emt 00:08:18]}
10. Qd3 {[%clk 01:26:42]} {[%emt 00:04:11]} c6 {[%clk 01:19:13]} {[%emt
00:03:46]} 11. Nbd2 {[%clk 01:25:19]} {[%emt 00:01:51]} Qc7 {[%clk 01:11:03]}
{[%emt 00:08:41]} 12. Bb3 {[%clk 01:16:46]} {[%emt 00:09:02]} Bh5 {[%clk
01:09:49]} {[%emt 00:01:43]} 13. Bc2 {[%clk 01:15:21]} {[%emt 00:01:56]} Bg6
{[%clk 01:01:46]} {[%emt 00:08:33]} 14. Qb3 {[%clk 01:15:31]} {[%emt 00:00:20]}
Bxc2 {[%clk 01:00:31]} {[%emt 00:01:45]} 15. Qxc2 {[%clk 01:15:51]} {[%emt
00:00:10]} h6 {[%clk 00:59:20]} {[%emt 00:01:41]} 16. Bh4 {[%clk 01:16:14]}
{[%emt 00:00:07]} Nd5 {[%clk 00:55:59]} {[%emt 00:03:51]} 17. Qb3 {[%clk
01:15:30]} {[%emt 00:01:15]} Rfe8 {[%clk 00:52:42]} {[%emt 00:03:46]} 18. Nc4
{[%clk 01:15:01]} {[%emt 00:00:59]} b5 {[%clk 00:46:34]} {[%emt 00:06:38]} 19.
Nxd6 {[%clk 01:14:48]} {[%emt 00:00:43]} Qxd6 {[%clk 00:43:18]} {[%emt
00:03:46]} 20. Bg3 {[%clk 01:14:40]} {[%emt 00:00:40]} Qf6 {[%clk 00:39:36]}
{[%emt 00:04:11]} 21. Rfe1 {[%clk 01:12:14]} {[%emt 00:02:56]} N7b6 {[%clk
00:39:13]} {[%emt 00:00:53]} 22. Ne5 {[%clk 01:05:30]} {[%emt 00:07:13]} Rad8
{[%clk 00:36:48]} {[%emt 00:02:54]} 23. Rac1 {[%clk 01:05:05]} {[%emt
00:00:57]} Ne7 {[%clk 00:33:06]} {[%emt 00:04:12]} 24. Bh4 {[%clk 01:03:46]}
{[%emt 00:01:49]} g5 {[%clk 00:32:31]} {[%emt 00:01:04]} 25. Ng4 {[%clk
01:03:05]} {[%emt 00:01:11]} Qg6 {[%clk 00:29:15]} {[%emt 00:03:45]} 26. Ne5
{[%clk 01:02:49]} {[%emt 00:00:48]} Qf6 {[%clk 00:27:30]} {[%emt 00:02:14]} 27.
Bg3 {[%clk 01:02:27]} {[%emt 00:00:51]} Kf8 {[%clk 00:22:56]} {[%emt 00:05:05]}
28. Re3 {[%clk 01:00:50]} {[%emt 00:02:07]} Qg7 {[%clk 00:17:42]} {[%emt
00:05:43]} 29. Rce1 {[%clk 00:58:21]} {[%emt 00:03:00]} f5 {[%clk 00:14:29]}
{[%emt 00:03:43]} 30. f4 {[%clk 00:58:19]} {[%emt 00:00:31]} Nbd5 {[%clk
00:14:28]} {[%emt 00:00:32]} 31. Rf3 {[%clk 00:57:54]} {[%emt 00:00:56]} g4
{[%clk 00:14:02]} {[%emt 00:00:55]} 32. Rf2 {[%clk 00:58:02]} {[%emt 00:00:22]}
Qf6 {[%clk 00:10:28]} {[%emt 00:04:02]} 33. Qa3 {[%clk 00:56:58]} {[%emt
00:01:35]} Kg8 {[%clk 00:07:04]} {[%emt 00:03:55]} 34. Qxa7 {[%clk 00:54:55]}
{[%emt 00:02:33]} Ra8 {[%clk 00:06:29]} {[%emt 00:01:05]} 35. Qc5 {[%clk
00:55:15]} {[%emt 00:00:10]} Rxa2 {[%clk 00:05:48]} {[%emt 00:01:10]} 36. Nxc6
{[%clk 00:55:25]} {[%emt 00:00:20]} Kf7 {[%clk 00:03:01]} {[%emt 00:03:18]} 37.
Nxe7 {[%clk 00:55:30]} {[%emt 00:00:24]} Nxe7 {[%clk 00:03:18]} {[%emt
00:00:14]} 38. Rfe2 {[%clk 00:55:05]} {[%emt 00:00:55]} Ra4 {[%clk 00:02:22]}
{[%emt 00:01:25]} 39. Qxb5 {[%clk 00:54:34]} {[%emt 00:01:02]} Qxd4+ {[%clk
00:01:46]} {[%emt 00:01:06]} 40. Kh1 {[%clk 00:54:44]} {[%emt 00:00:17]} Rb4
{[%clk 00:01:12]} {[%emt 00:01:06]} 41. Qa6 {[%clk 00:53:46]} {[%emt 00:01:28]}
Rb6 {[%clk 00:30:08]} {[%emt 00:01:35]} 42. Qa2+ {[%clk 01:24:02]} {[%emt
00:00:13]} Kf8 {[%clk 00:29:22]} {[%emt 00:01:17]} 43. Bh4 {[%clk 01:23:54]}
{[%emt 00:00:38]} Qd7 {[%clk 00:28:56]} {[%emt 00:00:54]} 44. Qa5 {[%clk
01:23:28]} {[%emt 00:00:57]} Rb5 {[%clk 00:27:36]} {[%emt 00:01:52]} 45. Bxe7+
{[%clk 01:23:32]} {[%emt 00:00:26]} Rxe7 {[%clk 00:27:48]} {[%emt 00:00:17]}
46. Qa8+ {[%clk 01:23:53]} {[%emt 00:00:09]} Kf7 {[%clk 00:27:53]} {[%emt
00:00:25]} 47. Rxe7+ {[%clk 01:24:10]} {[%emt 00:00:13]} 1-0

[Event "DVM U20w 2023"]
[Site "Magdeburg GER"]
[Date "2023.12.27"]
[Round "1"]
[White "Richter, Anastasia"]
[Black "Erakhnovich, Sofia"]
[Result "1-0"]
[Termination "normal"]
[Board "9.4"]
[WhiteElo "1353"]
[BlackElo "789"]
[WhiteClock "00:06:35"]
[BlackClock "00:15:59"]
[WhiteTeam "SV Königsjäger Süd-West"]
[BlackTeam "SC Strateg Stuttgart"]
[PlyCount "43"]
[WhiteFideId "34659099"]
[BlackFideId "34675752"]
[EventCountry "GER"]
[EventRounds "7"]
[EventType "team-swiss"]
[EventDate "2023.12.26"]

1. e4 {[%clk 01:30:56]} {[%emt 00:00:04]} c5 {[%clk 01:30:51]} {[%emt
00:00:10]} 2. Nf3 {[%clk 01:31:19]} {[%emt 00:00:07]} e6 {[%clk 01:30:34]}
{[%emt 00:00:46]} 3. d4 {[%clk 01:30:36]} {[%emt 00:01:13]} cxd4 {[%clk
01:30:58]} {[%emt 00:00:07]} 4. Nxd4 {[%clk 01:29:45]} {[%emt 00:01:21]} Nc6
{[%clk 01:29:09]} {[%emt 00:02:19]} 5. Nb3 {[%clk 01:23:51]} {[%emt 00:06:23]}
Nf6 {[%clk 01:26:03]} {[%emt 00:03:36]} 6. Bd3 {[%clk 01:12:04]} {[%emt
00:12:17]} d5 {[%clk 01:15:39]} {[%emt 00:10:53]} 7. Qe2 {[%clk 01:01:08]}
{[%emt 00:11:20]} dxe4 {[%clk 01:08:48]} {[%emt 00:07:28]} 8. Bb5 {[%clk
00:45:46]} {[%emt 00:15:51]} Qb6 {[%clk 00:59:13]} {[%emt 00:10:04]} 9. Be3
{[%clk 00:42:23]} {[%emt 00:03:50]} Qc7 {[%clk 00:55:46]} {[%emt 00:04:00]} 10.
Nc3 {[%clk 00:29:11]} {[%emt 00:13:42]} Bd7 {[%clk 00:50:22]} {[%emt 00:05:56]}
11. Nc5 {[%clk 00:18:23]} {[%emt 00:11:15]} Bxc5 {[%clk 00:43:24]} {[%emt
00:07:32]} 12. Bxc5 {[%clk 00:18:38]} {[%emt 00:00:14]} b6 {[%clk 00:43:38]}
{[%emt 00:00:16]} 13. Ba3 {[%clk 00:16:27]} {[%emt 00:02:38]} Nd4 {[%clk
00:42:55]} {[%emt 00:01:16]} 14. Bxd7+ {[%clk 00:14:40]} {[%emt 00:02:17]} Qxd7
{[%clk 00:42:29]} {[%emt 00:00:55]} 15. Qd2 {[%clk 00:13:35]} {[%emt 00:01:32]}
e5 {[%clk 00:37:11]} {[%emt 00:05:51]} 16. O-O-O {[%clk 00:11:58]} {[%emt
00:02:07]} a5 {[%clk 00:27:25]} {[%emt 00:10:17]} 17. f4 {[%clk 00:09:42]}
{[%emt 00:02:41]} exf3 {[%clk 00:26:25]} {[%emt 00:01:35]} 18. Rhe1 {[%clk
00:06:37]} {[%emt 00:03:30]} Ne2+ {[%clk 00:22:17]} {[%emt 00:04:43]} 19. Nxe2
{[%clk 00:06:14]} {[%emt 00:00:52]} fxe2 {[%clk 00:21:05]} {[%emt 00:01:43]}
20. Qxe2 {[%clk 00:06:22]} {[%emt 00:00:19]} Qe6 {[%clk 00:16:23]} {[%emt
00:05:14]} 21. Qxe5 {[%clk 00:06:35]} {[%emt 00:00:15]} Ng4 {[%clk 00:15:59]}
{[%emt 00:00:55]} 22. Qb5# {[%emt 00:00:59]} 1-0